banner koha

Salicylic acid alleviates the water stress on photochemical apparatus and quality of Schinus terebinthifolia seedlings (Registro n. 337854)

MARC details
000 -LÍDER
fixed length control field 04397nab a2200337 i 4500
003 - CÓDIGO MARC DA AGÊNCIA CATALOGADORA
Campo de controle BR-BrBNA
005 - DATA E HORA DA ÚLTIMA ATUALIZAÇÃO
Campo de controle 20250827170647.0
008 - CAMPO DE TAMANHO FIXO
fixed length control field 250827b2022 bl.mr|pooa||| 00| 0 eng |
040 ## - FONTE DA CATALOGAÇÃO
Agência catalogadora BR-BrBNA
Idioma da catalogação eng
072 ## - CATEGORIA AGRIS
Código AGRIS F60
072 ## - CATEGORIA AGRIS
Código AGRIS F61
100 ## - ENTRADA PRINCIPAL - NOME PESSOAL
Nome pessoal Santos, Cleberton C.
100 ## - ENTRADA PRINCIPAL - NOME PESSOAL
Nome pessoal Lima, Neder M.
100 ## - ENTRADA PRINCIPAL - NOME PESSOAL
Nome pessoal Saracho, Luiz C. da S.
100 ## - ENTRADA PRINCIPAL - NOME PESSOAL
Nome pessoal Scalon, Silvana de P. Q.
100 ## - ENTRADA PRINCIPAL - NOME PESSOAL
Nome pessoal Vieira, Maria do C.
245 ## - TÍTULO PRINCIPAL
Título principal Salicylic acid alleviates the water stress on photochemical apparatus and quality of Schinus terebinthifolia seedlings
500 ## - NOTA GERAL
Nota geral Publicação on-line; 27 ref.; 3 tables; Sumaries (En, Pt)
942 ## - ADDED ENTRY ELEMENTS (KOHA)
Koha item type Analítica
520 ## - NOTA DE RESUMO
Nota de conteúdo <br/><br/>ABSTRACT: Water deficit adversely affects photosynthetic pigment synthesis, photochemical processes, and seedling quality. Exogenous foliar application of salicylic acid (SA) is hypothesized to contribute to photochemical regulation and increase stress tolerance. This study aimed to evaluate the effect of SA in alleviating the effects of water deficit stress on the photosynthetic photochemical activities and quality of Schinus terebinthifolia Raddi. seedlings. The seedlings were subjected to four regimes of water deficit: 0, 4, 8, and 12 days of water restriction (DWR), associated with the application of four concentrations of SA: 0, 50, 100, and 200 mg L-1 (via foliar spray; 10 mL per plant) during 48 days. Growth of S. terebinthifolia seedlings was adversely affected by longer duration of water restriction in absence of SA treatment. However, application of 200 mg L-1 of SA increased photosynthetic pigment levels, photochemical quantum efficiency in photosystem II, and absorbed energy conversion efficiency in seedlings under 12 DWR. The seedling quality was better at 7 and 12 DWR when associated with application of 100 and 200 mg L-1 SA, respectively. T he exogenous application of SA contributed positively to pigment concentration and photochemical stability of photosynthesis, and it improved the quality of S. terebinthifolia seedlings subjected to long water restriction periods. <br/><br/>Key words: chlorophyll a fluorescence, photosystem II, photosynthetic pigment, phytohormone, water deficit
520 ## - NOTA DE RESUMO
Nota de conteúdo <br/><br/>RESUMO: O déficit hídrico afeta negativamente a síntese de pigmentos fotossintéticos, os processos fotoquímicos da fotossíntese e a qualidade das mudas. Supõe-se que a aplicação exógena foliar de ácido salicílico (AS) pode contribuir na regulação fotoquímica e aumenta a tolerância ao estresse. Objetivou-se avaliar o efeito do AS em aliviar o efeito estressante do déficit hídrico sobre as atividades fotoquímicas da fotossíntese e qualidade das mudas de Schinus terebinthifolia Raddi. As mudas foram submetidas a quatro regimes hídricos: 0, 4, 8 e 12 dias de restrição hídrica (DRH), associadas a quatro concentrações de AS: 0, 50, 100 e 200 mg L-1 (via pulverização foliar; 10 mL por planta) durante 48 dias. O crescimento de S. terebinthifolia é afetado negativamente por maiores dias de restrição hídrica e sem tratamento de AS. Entretanto, a aplicação de 200 mg L-1 de SA incrementou os pigmentos fotossintéticos, além da eficiência quântica fotoquímica no fotossistema II e de conversão de energia absorvida nas mudas sob 12 DRH. A qualidade das mudas foi maior aos 7 e 12 DRH com aplicação de 100 e 200 mg L-1 de SA, respectivamente. A aplicação exógena de AS contribuiu positivamente nas concentrações de pigmentos, estabilidade fotoquímica da fotossíntese e qualidade das mudas de S. terebinthifolia submetidas à maiores períodos de restrição hídrica. <br/><br/>Palavras-chave: fluorescência da clorofila a, fotossistema II, pigmentos fotossintéticos, fitohormônio, déficit hídrico
650 ## - ASSUNTO - THESAGRO
Cabeçalho tópico ou nome geográfico ESPÉCIE NATIVA
650 ## - ASSUNTO - THESAGRO
Cabeçalho tópico ou nome geográfico DEFICIÊNCIA HÍDRICA
650 ## - ASSUNTO - THESAGRO
Cabeçalho tópico ou nome geográfico HORMÔNIO VEGETAL
650 ## - ASSUNTO - THESAGRO
Cabeçalho tópico ou nome geográfico FOTOSSÍNTESE
650 ## - ASSUNTO - THESAGRO
Cabeçalho tópico ou nome geográfico BIOQUÍMICA
650 ## - ASSUNTO - THESAGRO
Cabeçalho tópico ou nome geográfico FISIOLOGIA VEGETAL
773 0# - ENTRADA ANALÍTICA
Host Biblionumber 3534
Registro do item 317826
Imprenta Campina Grande-PB Universidade Federal de Campina Grande. Centro de Ciências e Tecnologia 1997
Outro identificador 2024-4545
Título Revista Brasileira de Engenharia Agrícola e Ambiental (Brazil)
ISSN 1415-4366
Colação v. 26 (10) p. 747-752; (2022)
Número de controle de registro BR2025003525
856 ## - ACESSO E ENDEREÇO ELETRÔNICO
Identificador uniforme de recurso - URI chrome-extension://efaidnbmnnnibpcajpcglclefindmkaj/https://www.scielo.br/j/rbeaa/a/JHHZstkbhZZFq35rNfPhQgR/?format=pdf&lang=en

Nenhum exemplar disponível.

BINAGRI

Telefone: (61)3218-2567/2388/3357/2097 - binagri@agro.gov.br

Ministério da Agricultura e Pecuária , Esplanada dos Ministérios, Bloco D, Anexo B, Brasília/DF, CEP: 70.043-900